memes - Statistics

General Stats
  • This quiz has been taken 60 times
  • The average score is 2 of 15
Answer Stats
Hint about the meme The meme % Correct
This is about a giant rabbit. Big chungus
78%
This meme is about a single letter. F
50%
The song was made in the 1970s. Rickroll
44%
This is about a water bottle. Bottle flip
40%
This is not a good meme, many people hate it. Among us
14%
This is one of the most nostalgic memes. Troll face
8%
This is about a cat and cute music. Maxwell the cat
4%
This is about a creepypasta with its own wiki. The backrooms
4%
This is about making things simpler. Oversimplification
2%
This is one of the first types of meme. Pun
2%
This is one of the most rude memes. Who asked
2%
This is the meme that have the different endings. Alternate endings
0%
The creator of this is an internet legend. Noice
0%
This is the most common types of memes. Offensive
0%
This is the meme that should not die but did. Ugandum knuckles
0%
No matching quizzes found
Score Distribution
Percent of People with Each Score
Percentile by Number Answered
Your Score History
You have not taken this quiz